Las semillas, el Estado y las trasnacionales /
Na minha lista:
| Autor principal: | |
|---|---|
| Formato: | Texto |
| Assuntos: | |
| Tags: |
Adicionar Tag
Sem tags, seja o primeiro a adicionar uma tag!
|
MARC
| LEADER | 00000 a a2200000 04500 | ||
|---|---|---|---|
| 001 | 41805 | ||
| 003 | |||
| 040 | |||
| 100 | |a Suárez, Blanca | ||
| 245 | |a Las semillas, el Estado y las trasnacionales / |c Blanca Suárez | ||
| 650 | |a AGROINDUSTRIA | ||
| 650 | |a SEMILLAS | ||
| 650 | |a EMPRESAS TRANSNACIONALES | ||
| 650 | |a MEXICO | ||
| 650 | |a PATENTES | ||
| 650 | |a SEGURIDAD ALIMENTARIA | ||
| 773 | |g volumen13, número52 ( , 1982), páginas 45-102 | ||
| 999 | |c 31342 |d 31342 | ||
